| 000 | 01173nam a2200325Ia 4500 | ||
|---|---|---|---|
| 001 | ebr10257579 | ||
| 003 | CaPaEBR | ||
| 006 | m u | ||
| 007 | cr cn||||||||| | ||
| 008 | 081201s2008 njua s 001 0 eng d | ||
| 020 | _z9780470327258 (pbk.) | ||
| 020 | _z0470327251 (pbk.) | ||
| 040 |
_aCaPaEBR _cCaPaEBR |
||
| 035 | _a(OCoLC)646771630 | ||
| 050 | 1 | 4 |
_aT385 _b.B3844 2008eb |
| 100 | 1 | _aBauer, Peter J. | |
| 245 | 1 | 0 |
_aPhotoshop CS4 for dummies _h[electronic resource] / _cby Peter Bauer. |
| 260 |
_aHoboken, NJ : _bWiley Pub., _cc2008. |
||
| 300 |
_axiv, 401 p. : _bcol. ill. |
||
| 490 | 1 | _a--For dummies | |
| 500 | _aIncludes index. | ||
| 533 |
_aElectronic reproduction. _bPalo Alto, Calif. : _cebrary, _d2011. _nAvailable via World Wide Web. _nAccess may be limited to ebrary affiliated libraries. |
||
| 630 | 0 | 0 | _aAdobe Photoshop. |
| 650 | 0 | _aComputer graphics. | |
| 650 | 0 |
_aPhotography _xDigital techniques. |
|
| 655 | 7 |
_aElectronic books. _2local |
|
| 710 | 2 | _aebrary, Inc. | |
| 830 | 0 | _a--For dummies. | |
| 856 | 4 | 0 |
_uhttp://site.ebrary.com/lib/rucke/Doc?id=10257579 _zAn electronic book accessible through the World Wide Web; click to view |
| 999 |
_c13726 _d13726 |
||